000 00977nam a2200301Ia 4500
001 8052
003 IT-RoPAU
008 130308s9999 xx 000 0 und d
040 _aIT-RoPAU
040 _cIT-RoPAU
041 _aFRANCESE
100 _aFloch Jean-Marie
100 _gCodice Aut. SPICS: 6587
245 _aCommunication ou manipulation?
245 _bIntroduction a L'Analyse Du Discours En Sciences Sociales
250 _a1a ed.
260 _aPARIS
260 _bHachette
260 _c1979 [1° Ed.:1979 - Ed.Ling.Originale:1979]
300 _a"16 p. (prefazione: no ; testo: 16 [pagine: 177-192])"
500 _aComunicazione o Manipolazione? Analisi di un Discorso Socio Estetico di Pierre Francastel significazione e figurazione Soggetto Epistemico e Soggetto Scientifico Strategia dell'Enunciatore
650 _aSAGGI DI SEMIOLOGIA
650 _eCodice materia Spics: 3257
942 _cBK
957 _71
999 _c41460
_d41460
999 _bSI
999 _g1